000
00295nam a2200097Ia 4500
008
220204s9999 xx 000 0 und d
082
_a
5+6(031)
_b
ILL
245
0
_a
Illustrated encyclopedia of science and technology: How it works. 20 V
260
_a
New York
_b
Marshall Cavendish
_c
1977
942
_c
BK
999
_c
26111
_d
26111